[Event "BL2 Ost 1314 (Women)"]
[Site "Germany"]
[Date "2014.02.15"]
[Round "4.6"]
[White "Seils, Gudula"]
[Black "Higgelke, Anne"]
[Result "1/2-1/2"]
[WhiteElo "2053"]
[BlackElo "1919"]
[PlyCount "55"]
[EventDate "2013.11.30"]
[EventType "team-tourn"]
[EventRounds "7"]
[EventCountry "GER"]
[SourceTitle "EXT 2018"]
[Source "ChessBase"]
[SourceDate "2017.10.13"]
[SourceVersion "1"]
[SourceVersionDate "2017.10.13"]
[SourceQuality "1"]
[WhiteTeam "Berlin Rotation (W)"]
[BlackTeam "Torgelow Droegeheide (W)"]
[WhiteTeamCountry "GER"]
[BlackTeamCountry "GER"]

1. c4 Nf6 2. Nc3 e5 3. g3 d5 4. cxd5 Nxd5 5. Bg2 c6 6. Nf3 Bd6 7. 0-0 0-0 8. e4 Nb4 9. d4 exd4 10. Nxd4 Bc5 11. Nb3 Bb6 12. Qf3 Qe7 13. Bf4 Be6 14. Na4 Bc7 15. Bxc7 Qxc7 16. Qc3 N4a6 17. Rfd1 Nd7 18. Rac1 Nb6 19. Nac5 Nxc5 20. Nxc5 Rad8 21. Nxe6 fxe6 22. Rxd8 Rxd8 23. Qb3 Qe5 24. f4 Qd4+ 25. Kf1 Qd3+ 26. Qxd3 Rxd3 27. Ke2 Rd4 28. Rc2 1/2-1/2

[Event "BL2 Ost 1112 (Women)"]
[Site "Germany"]
[Date "2011.11.26"]
[Round "3.6"]
[White "Higgelke, Anne"]
[Black "Lorenz, Nicole"]
[Result "0-1"]
[WhiteElo "1952"]
[BlackElo "1873"]
[PlyCount "86"]
[EventDate "2011.10.29"]
[EventType "team-tourn"]
[EventRounds "7"]
[EventCountry "GER"]
[SourceTitle "EXT 2013"]
[Source "ChessBase"]
[SourceDate "2012.11.22"]
[SourceVersion "1"]
[SourceVersionDate "2012.11.22"]
[SourceQuality "1"]
[WhiteTeam "Torgelow (W)"]
[BlackTeam "Leipzig Lindenau (W)"]
[WhiteTeamCountry "GER"]
[BlackTeamCountry "GER"]

1. c4 Nf6 2. Nc3 e6 3. e4 d6 4. d4 Be7 5. Nf3 0-0 6. Be2 c6 7. 0-0 d5 8. cxd5 cxd5 9. e5 Nfd7 10. Bd3 a6 11. a3 b5 12. Ne1 Nc6 13. Nc2 Bb7 14. Qg4 g6 15. f4 Nb6 16. f5 exf5 17. Bxf5 Bc8 18. Bxc8 Qxc8 19. Qf4 Qe6 20. Rf3 Rfc8 21. Rh3 Bf8 22. Qh4 h5 23. Rf3 Bg7 24. Bg5 Na5 25. b4 Nc6 26. Qf2 Nc4 27. Rf1 Rf8 28. Bf6 Bh6 29. Kh1 Nd2 30. Ne2 Nxf3 31. Qxf3 Qg4 32. Qd3 Bg7 33. Ne3 Qe4 34. Qc3 Rac8 35. Qd2 Bh6 36. Rf3 Qb1+ 37. Rf1 Bxe3 38. Qxe3 Qxf1+ 39. Ng1 Kh7 40. Qd2 Na7 41. Bg5 Rc4 42. h3 Rfc8 43. Kh2 Rc2 0-1

[Event "BL 0708 (Women)"]
[Site "Germany"]
[Date "2007.11.10"]
[Round "1.5"]
[White "Higgelke, Anne"]
[Black "Gasik, Anna"]
[Result "0-1"]
[WhiteElo "1997"]
[BlackElo "2191"]
[PlyCount "116"]
[EventDate "2007.11.10"]
[EventType "team-tourn"]
[EventRounds "11"]
[EventCountry "GER"]
[SourceTitle "EXT 2009"]
[Source "ChessBase"]
[SourceDate "2008.11.26"]
[SourceVersion "1"]
[SourceVersionDate "2008.11.26"]
[SourceQuality "1"]
[WhiteTeam "Torgelow (W)"]
[BlackTeam "Hamburger SK (W)"]
[WhiteTeamCountry "GER"]
[BlackTeamCountry "GER"]

1. c4 c6 2. Nc3 d5 3. d4 Nf6 4. Nf3 e6 5. e3 Nbd7 6. cxd5 exd5 7. Bd3 Bd6 8. Qc2 0-0 9. 0-0 Re8 10. Re1 Nf8 11. e4 dxe4 12. Nxe4 Nxe4 13. Rxe4 Rxe4 14. Bxe4 h6 15. Bd2 Bg4 16. Qb3 Qc7 17. h3 Bh5 18. Nh4 Qe7 19. Nf5 Qxe4 20. Nxd6 Qxd4 21. Qb4 Qxb4 22. Bxb4 Ne6 23. Bc3 b6 24. Nf5 Kf8 25. Rc1 Bg6 26. Ne3 Nf4 27. Re1 Re8 28. a3 f6 29. h4 c5 30. g3 Nd3 31. Rd1 Rd8 32. Kf1 b5 33. Ba5 Rd7 34. Bc3 Ke8 35. b4 a6 36. bxc5 Nxc5 37. Ra1 Rd3 38. Bb4 Nb3 39. Ra2 Be4 40. a4 a5 41. Be1 b4 42. Nc4 Rd4 43. Ne3 Nc5 44. Ra1 b3 45. Bc3 Rxa4 46. Re1 Kf7 47. Nd1 Ra2 48. Bd4 Bd3+ 49. Kg1 Ne6 50. Bc3 a4 51. Nb2 Bb5 52. Rb1 a3 53. Nd1 Ba4 54. Bb4 b2 55. Nc3 Ra1 56. Bxa3 Rxb1+ 57. Nxb1 Bc2 58. Bxb2 Bxb1 0-1

[Event "Mecklenburg VP LL2 0607"]
[Site "Mecklenburg VP"]
[Date "2007.04.22"]
[Round "9.5"]
[White "Borkenhagen, Andreas"]
[Black "Higgelke, Anne"]
[Result "1-0"]
[WhiteElo "1707"]
[BlackElo "1758"]
[PlyCount "43"]
[EventDate "2006.10.15"]
[EventType "team"]
[EventRounds "9"]
[EventCountry "GER"]
[SourceTitle "EXT 2009"]
[Source "ChessBase"]
[SourceDate "2008.11.26"]
[SourceVersion "1"]
[SourceVersionDate "2008.11.26"]
[SourceQuality "1"]
[WhiteTeam "Wismar II"]
[BlackTeam "Schwerin II"]
[WhiteTeamCountry "GER"]
[BlackTeamCountry "GER"]

1. Nf3 Nc6 2. e4 e5 3. d4 exd4 4. Nxd4 Nf6 5. Nxc6 bxc6 6. Bd3 Bc5 7. 0-0 0-0 8. Nc3 d5 9. h3 Re8 10. exd5 cxd5 11. Bg5 c6 12. Qf3 Be7 13. Rfe1 Nd7 14. Qe3 f6 15. Qe6+ Kh8 16. Qxc6 Rb8 17. Bf4 Rxb2 18. Qxd5 Bb7 19. Qh5 Nf8 20. Rad1 Qc8 21. Qf7 Qxc3 22. Rxe7 1-0

[Event "Mecklenburg VP LL 0506"]
[Site "Mecklenburg VP"]
[Date "2006.02.19"]
[Round "7.7"]
[White "Higgelke, Anne"]
[Black "Wegner, Michael"]
[Result "1-0"]
[WhiteElo "1781"]
[BlackElo "1769"]
[PlyCount "43"]
[EventDate "2005.10.23"]
[EventType "team"]
[EventRounds "9"]
[EventCountry "GER"]
[SourceTitle "EXT 2008"]
[Source "ChessBase"]
[SourceDate "2007.11.25"]
[SourceVersion "1"]
[SourceVersionDate "2007.11.25"]
[SourceQuality "1"]
[WhiteTeam "Schwerin II"]
[BlackTeam "Rostock PSV II"]
[WhiteTeamCountry "GER"]
[BlackTeamCountry "GER"]

1. c4 c5 2. Nc3 Nf6 3. g3 Nc6 4. Bg2 a6 5. e3 e5 6. Nge2 Be7 7. d4 exd4 8. exd4 cxd4 9. Nxd4 0-0 10. 0-0 Qb6 11. Nf5 Bc5 12. Na4 Qa7 13. Bg5 Ne5 14. Bxf6 gxf6 15. Qh5 d6 16. Ne7+ Kg7 17. Be4 Ng6 18. Nd5 Bd4 19. Nac3 Bd7 20. Qf3 Ne5 21. Qxf6+ Kg8 22. Ne7# 1-0

[Event "BL 0506 (Women)"]
[Site "Germany"]
[Date "2006.01.21"]
[Round "5.5"]
[White "Higgelke, Anne"]
[Black "Heyme, Sibylle"]
[Result "0-1"]
[WhiteElo "1781"]
[BlackElo "2047"]
[PlyCount "78"]
[EventDate "2005.10.29"]
[EventType "team-tourn"]
[EventRounds "11"]
[EventCountry "GER"]
[SourceTitle "EXT 2007"]
[Source "ChessBase"]
[SourceDate "2006.11.23"]
[SourceVersion "1"]
[SourceVersionDate "2006.11.23"]
[SourceQuality "1"]
[WhiteTeam "Torgelow (W)"]
[BlackTeam "Pankow (W)"]
[WhiteTeamCountry "GER"]
[BlackTeamCountry "GER"]

1. c4 Nf6 2. Nc3 e5 3. Nf3 Nc6 4. g3 g6 5. Bg2 Bg7 6. 0-0 0-0 7. d4 exd4 8. Nxd4 Re8 9. Bg5 h6 10. Nxc6 dxc6 11. Bf4 Qe7 12. Re1 Be6 13. Qb3 Rab8 14. Qa4 a6 15. Rac1 Ng4 16. Nd1 Red8 17. Qc2 Rd4 18. b3 Rbd8 19. h3 g5 20. Bxc7 Qxc7 21. hxg4 Rd2 22. Qb1 Bxg4 23. Rc2 Bxe2 24. Ne3 Rxc2 25. Qxc2 Bd3 26. Qd1 Qd7 27. Qf3 Bg6 28. Ng4 Qf5 29. Qe2 h5 30. Ne3 Qd3 31. Qf3 g4 32. Qe2 Bc3 33. Qxd3 Rxd3 34. Re2 Rd7 35. Bf1 Bd3 36. Nd1 Bxe2 37. Nxc3 Bf3 38. c5 Kg7 39. Bc4 Rd2 0-1

[Event "BL 0506 (Women)"]
[Site "Germany"]
[Date "2005.11.19"]
[Round "3"]
[White "Higgelke, Anne"]
[Black "Mpassy Nzoumba, Sonja"]
[Result "0-1"]
[WhiteElo "2049"]
[BlackElo "1748"]
[PlyCount "136"]
[EventDate "2005.10.29"]
[EventType "team-tourn"]
[EventRounds "11"]
[EventCountry "GER"]
[SourceTitle "CBM 109 Extra"]
[Source "ChessBase"]
[SourceDate "2006.01.03"]
[SourceVersion "2"]
[SourceVersionDate "2006.01.03"]
[SourceQuality "1"]

1. c4 Nf6 2. Nc3 g6 3. d4 d5 4. cxd5 Nxd5 5. e4 Nxc3 6. bxc3 Bg7 7. Nf3 0-0 8. Bc4 c5 9. Bb2 Nc6 10. d5 Ne5 11. Nxe5 Bxe5 12. 0-0 Qa5 13. Qd2 b5 14. Be2 Rb8 15. f4 Bg7 16. Rfd1 Ba6 17. Qc2 Rfc8 18. e5 c4 19. Kh1 b4 20. cxb4 Qxb4 21. Bc3 Qa3 22. Rab1 Bf8 23. Bd4 Bb5 24. Rdc1 a6 25. Bc3 a5 26. Qd2 Rd8 27. Bxa5 c3 28. Bxc3 Bxe2 29. Qxe2 Rxb1 30. Rxb1 Qxc3 31. Rd1 Qc5 32. Qd2 Rc8 33. g3 Qc2 34. Qxc2 Rxc2 35. Ra1 Rd2 36. a4 Rxd5 37. a5 Rd8 38. a6 e6 39. Kg2 h5 40. Kf3 Bc5 41. h3 Rd3+ 42. Kg2 Rd7 43. Ra2 Kf8 44. g4 hxg4 45. hxg4 Ke7 46. Kh3 Kd8 47. Kh4 Be7+ 48. Kg3 Ra7 49. f5 Kc7 50. fxg6 fxg6 51. Kf4 Kb6 52. Rd2 Rxa6 53. Rd7 Ra7 54. Rd1 Ra4+ 55. Kf3 Kc6 56. Rd2 g5 57. Rc2+ Kd5 58. Rc7 Ba3 59. Rg7 Bc1 60. Re7 Kxe5 61. Re8 Bf4 62. Rc8 Ra3+ 63. Ke2 Rg3 64. Rc5+ Kf6 65. Kf2 Be3+ 66. Kxg3 Bxc5 67. Kf3 Ke5 68. Kg3 Ke4 0-1

[Event "BL 0506 (Women)"]
[Site "Germany"]
[Date "2005.10.29"]
[Round "1"]
[White "Skogvall, Martina"]
[Black "Higgelke, Anne"]
[Result "0-1"]
[WhiteElo "2100"]
[BlackElo "2049"]
[PlyCount "100"]
[EventDate "2005.10.29"]
[EventType "team-tourn"]
[EventRounds "11"]
[EventCountry "GER"]
[SourceTitle "CBM 109 Extra"]
[Source "ChessBase"]
[SourceDate "2006.01.03"]
[SourceVersion "2"]
[SourceVersionDate "2006.01.03"]
[SourceQuality "1"]

1. e4 c5 2. Nf3 Nc6 3. d4 cxd4 4. Nxd4 d6 5. Nc3 Nf6 6. Bc4 g6 7. 0-0 Bg7 8. h3 0-0 9. Be3 Bd7 10. Qd2 Rc8 11. Nb3 a6 12. Bh6 b5 13. Bd3 Ne5 14. Bxg7 Kxg7 15. Kh2 Nc4 16. Bxc4 Rxc4 17. Qd3 Qc7 18. f4 b4 19. Nd2 Rc6 20. Nd5 Nxd5 21. Qxd5 Rxc2 22. Nf3 Qc5 23. Qb7 Bb5 24. Qxe7 Bxf1 25. Rxf1 Qc7 26. Qg5 Qd8 27. Qd5 Qf6 28. Nd4 Rxb2 29. Kg1 Rd2 30. Ne6+ Qxe6 31. Qxd2 Qxe4 32. Re1 Qc6 33. Rc1 Qb6+ 34. Kh2 a5 35. Qd5 a4 36. Rc6 Qb7 37. Qxd6 Rb8 38. Qe5+ Kg8 39. Rc7 Qb6 40. Re7 b3 41. axb3 axb3 42. f5 b2 43. f6 Qd8 44. Rd7 Qf8 45. Rxf7 Kxf7 46. Qd5+ Kxf6 47. Qd4+ Kf7 48. Qd5+ Kg7 49. Qe5+ Kg8 50. Qe6+ Qf7 0-1

[Event "GER-chT2 (Women) 0405"]
[Site "Germany"]
[Date "2004.12.05"]
[Round "4"]
[White "Zschischang, Marine"]
[Black "Higgelke, Anne"]
[Result "1/2-1/2"]
[WhiteElo "2061"]
[BlackElo "1752"]
[PlyCount "97"]
[EventDate "2004.11.06"]
[EventType "team"]
[EventRounds "9"]
[EventCountry "GER"]
[SourceTitle "EXT 2006"]
[Source "ChessBase"]
[SourceDate "2005.11.24"]
[SourceVersion "1"]
[SourceVersionDate "2005.11.24"]
[SourceQuality "1"]

1. d4 Nf6 2. c4 e6 3. Nc3 c5 4. d5 exd5 5. Nxd5 Nxd5 6. Qxd5 Nc6 7. Nf3 h6 8. Bd2 d6 9. Bc3 Be6 10. Qe4 Qd7 11. Qf4 0-0-0 12. e4 g5 13. Qg3 Rg8 14. 0-0-0 f5 15. exf5 Bxf5 16. Bd3 Rg6 17. Bxf5 Qxf5 18. Rd5 Qd7 19. Rhd1 b6 20. h3 Kc7 21. Qg4 Re6 22. Qf5 Qe8 23. a3 Re4 24. b3 Rf4 25. Qd3 Qe6 26. Re1 Qd7 27. Qd2 Rf5 28. Rxf5 Qxf5 29. Qc2 Qf7 30. Qe4 Rd7 31. Qe6 Qh7 32. Qe4 Qf7 33. Qe6 Qh7 34. Qe4 Qf7 35. Re3 Bg7 36. Kc2 Bxc3 37. Rxc3 Re7 38. Qd3 Ne5 39. Nxe5 Qxf2+ 40. Qd2 Qxd2+ 41. Kxd2 dxe5 42. Rf3 Kd6 43. Rf6+ Re6 44. Rf7 a6 45. a4 e4 46. Ke3 Ke5 47. Rd7 a5 48. g4 Kf6 49. Rb7 1/2-1/2

[Event "GER-chT2 (Women) 0405"]
[Site "Germany"]
[Date "2004.12.04"]
[Round "3"]
[White "Higgelke, Anne"]
[Black "Nuenchert, Eveline"]
[Result "1/2-1/2"]
[WhiteElo "1752"]
[BlackElo "2196"]
[PlyCount "83"]
[EventDate "2004.11.06"]
[EventType "team"]
[EventRounds "9"]
[EventCountry "GER"]
[SourceTitle "EXT 2006"]
[Source "ChessBase"]
[SourceDate "2005.11.24"]
[SourceVersion "1"]
[SourceVersionDate "2005.11.24"]
[SourceQuality "1"]

1. c4 Nf6 2. Nc3 c5 3. Nf3 d6 4. g3 e6 5. Bg2 Be7 6. d4 cxd4 7. Nxd4 0-0 8. 0-0 a6 9. Qd3 Qc7 10. b3 Nc6 11. Nxc6 bxc6 12. Bb2 Rb8 13. Ne4 Nxe4 14. Bxe4 f5 15. Bg2 e5 16. e3 a5 17. Bc3 Be6 18. f4 e4 19. Qd4 Rf7 20. Rfd1 Bf8 21. Bf1 Qa7 22. Kf2 c5 23. Qd2 a4 24. b4 Rd7 25. a3 Rc8 26. b5 Rdd8 27. Qb2 Qf7 28. Qe2 Rd7 29. Rab1 d5 30. cxd5 Rxd5 31. Rxd5 Bxd5 32. Qd1 Bb3 33. Qe2 Rd8 34. h4 Rd3 35. Qe1 Rd7 36. Bb2 Qd5 37. Be2 Kh8 38. Rc1 h6 39. Qc3 Qb7 40. Qe5 Qd5 41. Qxd5 Rxd5 42. Ke1 1/2-1/2

[Event "Mecklenburg VP LL 0405"]
[Site "Mecklenburg VP"]
[Date "2004.11.14"]
[Round "2.6"]
[White "Higgelke, Anne"]
[Black "Moritz, Hartmut"]
[Result "1/2-1/2"]
[WhiteElo "1752"]
[BlackElo "1927"]
[PlyCount "52"]
[EventDate "2004.10.24"]
[EventType "team"]
[EventRounds "9"]
[EventCountry "GER"]
[SourceTitle "EXT 2009"]
[Source "ChessBase"]
[SourceDate "2008.11.26"]
[SourceVersion "1"]
[SourceVersionDate "2008.11.26"]
[SourceQuality "1"]
[WhiteTeam "Schwerin II"]
[BlackTeam "Rostock II"]
[WhiteTeamCountry "GER"]
[BlackTeamCountry "GER"]

1. c4 Nf6 2. Nc3 e6 3. e4 d5 4. e5 Ne4 5. cxd5 Nxc3 6. bxc3 exd5 7. d4 c5 8. Nf3 Nc6 9. Be2 Be7 10. 0-0 0-0 11. Ne1 cxd4 12. cxd4 f6 13. f4 fxe5 14. fxe5 Bf5 15. Nf3 Rc8 16. Be3 Nb4 17. Bf2 Qd7 18. Qb3 Rc2 19. Bd1 Rc7 20. a3 Nc2 21. Bxc2 Bxc2 22. Qb2 Be4 23. Bg3 Rc2 24. Qb3 Rfc8 25. Be1 Qg4 26. Rf2 R8c7 1/2-1/2

[Event "GER-chT2 (Women) 0405"]
[Site "Germany"]
[Date "2004.11.06"]
[Round "1"]
[White "Sikorska, Agata"]
[Black "Higgelke, Anne"]
[Result "1-0"]
[WhiteElo "2068"]
[BlackElo "1752"]
[PlyCount "63"]
[EventDate "2004.11.06"]
[EventType "team"]
[EventRounds "9"]
[EventCountry "GER"]
[SourceTitle "EXT 2006"]
[Source "ChessBase"]
[SourceDate "2005.11.24"]
[SourceVersion "1"]
[SourceVersionDate "2005.11.24"]
[SourceQuality "1"]

1. d4 Nf6 2. Nf3 e6 3. g3 c5 4. Bg2 cxd4 5. Nxd4 Nc6 6. 0-0 Be7 7. c4 0-0 8. Nc3 a6 9. e4 Rb8 10. Be3 Nxd4 11. Qxd4 b5 12. e5 Ne8 13. Qa7 Qc7 14. Qxc7 Nxc7 15. Ba7 Bb7 16. Bxb8 Rxb8 17. cxb5 Bxg2 18. Kxg2 Nxb5 19. Rfd1 Nxc3 20. bxc3 Rd8 21. Rab1 Kf8 22. Rb6 a5 23. Ra6 f6 24. f4 Ke8 25. Rxa5 d6 26. exd6 Bxd6 27. Ra7 Kf8 28. c4 e5 29. c5 Be7 30. Rxd8+ Bxd8 31. c6 exf4 32. c7 1-0

[Event "Mecklenburg VP LL 0405"]
[Site "Mecklenburg VP"]
[Date "2004.10.24"]
[Round "1.7"]
[White "Higgelke, Anne"]
[Black "Schiewer, Robert"]
[Result "0-1"]
[WhiteElo "1752"]
[BlackElo "1942"]
[PlyCount "76"]
[EventDate "2004.10.24"]
[EventType "team"]
[EventRounds "9"]
[EventCountry "GER"]
[SourceTitle "EXT 2009"]
[Source "ChessBase"]
[SourceDate "2008.11.26"]
[SourceVersion "1"]
[SourceVersionDate "2008.11.26"]
[SourceQuality "1"]
[WhiteTeam "Schwerin II"]
[BlackTeam "Schwerin"]
[WhiteTeamCountry "GER"]
[BlackTeamCountry "GER"]

1. c4 e5 2. Nc3 Nf6 3. Nf3 d6 4. g3 Be6 5. Bg2 Qc8 6. d4 exd4 7. Nxd4 c6 8. Nxe6 fxe6 9. 0-0 Nbd7 10. Bf4 Qc7 11. b4 e5 12. Bg5 Be7 13. Rc1 0-0 14. b5 Nc5 15. Qc2 Ne6 16. Be3 Nd8 17. Bh3 Qa5 18. f4 exf4 19. Rxf4 a6 20. bxa6 Rxa6 21. Rcf1 Qg5 22. Re4 Qh5 23. Rh4 Qf7 24. Bd4 h6 25. Ne4 Qe8 26. Bxf6 Bxf6 27. Nxf6+ Rxf6 28. Rxf6 gxf6 29. Kf1 h5 30. Rf4 Kg7 31. Qf5 Qf7 32. Qc8 Qe7 33. Qf5 Qf7 34. Qc2 Ra5 35. Bf5 Ne6 36. Bxe6 Qxe6 37. Re4 Qf5+ 38. Kg2 Re5 0-1

[Event "BL 0304 (Women)"]
[Site "Germany"]
[Date "2004.03.14"]
[Round "9.5"]
[White "Lange, Soenje"]
[Black "Higgelke, Anne"]
[Result "0-1"]
[WhiteElo "2049"]
[BlackElo "1734"]
[PlyCount "78"]
[EventDate "2003.11.29"]
[EventType "team-tourn"]
[EventRounds "11"]
[EventCountry "GER"]
[SourceTitle "EXT 2005"]
[Source "ChessBase"]
[SourceDate "2004.11.15"]
[SourceVersion "1"]
[SourceVersionDate "2004.11.15"]
[SourceQuality "1"]
[WhiteTeam "Kiel"]
[BlackTeam "Torgelow"]
[WhiteTeamCountry "GER"]
[BlackTeamCountry "GER"]

1. d4 Nf6 2. Nf3 e6 3. e3 c5 4. Bd3 cxd4 5. exd4 Be7 6. 0-0 0-0 7. c4 d5 8. b3 b6 9. Bb2 Bb7 10. Re1 Nbd7 11. Nc3 Rc8 12. Ne5 Bb4 13. a3 Bxc3 14. Bxc3 Ne4 15. Bb4 Re8 16. Qh5 g6 17. Qh3 Nxe5 18. dxe5 Nc5 19. Bf1 Qg5 20. Rad1 Red8 21. Bd2 Qe7 22. Bf4 dxc4 23. Bxc4 Rxd1 24. Rxd1 Rd8 25. Re1 Ne4 26. f3 Nd2 27. Qg3 Nxc4 28. bxc4 Qxa3 29. Qh4 Rd7 30. Bh6 Qc3 31. Kh1 Ba6 32. h3 f5 33. exf6 Bxc4 34. Rc1 Qe5 35. Qxc4 Qxf6 36. Qc8+ Rd8 37. Qc7 Re8 38. Qf4 Qxf4 39. Bxf4 Rf8 0-1

[Event "Mecklenburg VP LL 0304"]
[Site "Mecklenburg VP"]
[Date "2003.12.14"]
[Round "4.8"]
[White "Jung, Werner"]
[Black "Higgelke, Anne"]
[Result "1/2-1/2"]
[WhiteElo "1900"]
[BlackElo "1734"]
[PlyCount "93"]
[EventDate "2003.09.28"]
[EventType "team-tourn"]
[EventRounds "9"]
[EventCountry "GER"]
[SourceTitle "EXT 2005"]
[Source "ChessBase"]
[SourceDate "2004.11.15"]
[SourceVersion "1"]
[SourceVersionDate "2004.11.15"]
[SourceQuality "1"]
[WhiteTeam "Schwerin SF II"]
[BlackTeam "Neubrandenburg"]
[WhiteTeamCountry "GER"]
[BlackTeamCountry "GER"]

1. e4 c5 2. Nc3 Nc6 3. d3 Nf6 4. f4 d6 5. Nf3 g6 6. g3 Bg7 7. Bg2 0-0 8. 0-0 Ng4 9. h3 Nh6 10. Be3 f5 11. Qd2 Nd4 12. e5 Nxf3+ 13. Bxf3 Rb8 14. exd6 exd6 15. Bd5+ Kh8 16. Rab1 Qf6 17. Qg2 b5 18. Bc6 b4 19. Nd5 Qf7 20. c4 Bb7 21. Bxb7 Rxb7 22. Rfe1 Ng8 23. Bf2 Nf6 24. Re2 Nxd5 25. Qxd5 Qxd5 26. cxd5 Bf6 27. Re6 Rd7 28. b3 Rff7 29. Rbe1 Kg7 30. Kg2 Rfe7 31. Rxe7+ Rxe7 32. Rxe7+ Bxe7 33. d4 Kf7 34. Kf3 Ke8 35. Ke2 Kd7 36. Kd3 Kc7 37. Kc4 Kb6 38. Be3 h5 39. h4 a6 40. Bf2 a5 41. dxc5+ dxc5 42. d6 Bxd6 43. Kd5 Bf8 44. Ke6 Bg7 45. Kf7 Bd4 46. Be1 Bc3 47. Bf2 1/2-1/2

[Event "Mecklenburg VP LL 0203"]
[Site "Mecklenburg VP"]
[Date "2003.02.23"]
[Round "7.8"]
[White "Augstein, Joerg"]
[Black "Higgelke, Anne"]
[Result "0-1"]
[WhiteElo "1845"]
[BlackElo "1729"]
[PlyCount "75"]
[EventDate "2002.10.20"]
[EventType "team-tourn"]
[EventRounds "9"]
[EventCountry "GER"]
[SourceTitle "EXT 2016"]
[Source "ChessBase"]
[SourceDate "2015.10.08"]
[SourceVersion "1"]
[SourceVersionDate "2015.10.08"]
[SourceQuality "1"]
[WhiteTeam "Torgelow"]
[BlackTeam "Neubrandenburg SG Eintracht"]
[WhiteTeamCountry "GER"]
[BlackTeamCountry "GER"]

1. e4 c5 2. b4 b6 3. Bc4 Bb7 4. Nf3 e6 5. d3 Nf6 6. bxc5 Bxc5 7. d4 Be7 8. e5 Nd5 9. 0-0 0-0 10. c3 f6 11. Bd3 Qe8 12. Be4 f5 13. Bc2 Qh5 14. Qd3 Ba6 15. c4 Nb4 16. Qc3 Nxc2 17. Qxc2 Nc6 18. Qa4 Bb7 19. d5 Nb8 20. Nc3 Bc5 21. Be3 Bxe3 22. fxe3 Rd8 23. Nd4 Qg6 24. Rf3 Na6 25. Rg3 Nc5 26. Qb4 Qh6 27. Rf1 Rf8 28. Rff3 f4 29. Rg4 Qh5 30. Rgxf4 Qxe5 31. Rxf8+ Rxf8 32. Rxf8+ Kxf8 33. Kf2 exd5 34. Nf3 Qe7 35. Qb1 Ne4+ 36. Nxe4 Qxe4 37. Qb4+ Ke8 38. cxd5 0-1

[Event "Mecklenburg VP LL 0203"]
[Site "Mecklenburg VP"]
[Date "2003.02.09"]
[Round "6.7"]
[White "Kupfernagel, Michael"]
[Black "Higgelke, Anne"]
[Result "1-0"]
[WhiteElo "1912"]
[BlackElo "1729"]
[PlyCount "77"]
[EventDate "2002.10.20"]
[EventType "team-tourn"]
[EventRounds "9"]
[EventCountry "GER"]
[SourceTitle "EXT 2016"]
[Source "ChessBase"]
[SourceDate "2015.10.08"]
[SourceVersion "1"]
[SourceVersionDate "2015.10.08"]
[SourceQuality "1"]
[WhiteTeam "Schwerin SF II"]
[BlackTeam "Neubrandenburg SG Eintracht"]
[WhiteTeamCountry "GER"]
[BlackTeamCountry "GER"]

1. d4 Nf6 2. Nc3 d5 3. Bg5 g6 4. Qd2 h6 5. Bh4 Bg7 6. Nf3 Nc6 7. 0-0-0 Bf5 8. h3 Ne4 9. Qe1 Nb4 10. Nxe4 dxe4 11. Qxb4 exf3 12. gxf3 b6 13. e4 Bd7 14. Ba6 Rb8 15. Bb5 a5 16. Qa4 Bxb5 17. Qxb5+ Qd7 18. Qxd7+ Kxd7 19. Bg3 Kc6 20. Rd3 Kb7 21. Rhd1 Rbc8 22. d5 Rhd8 23. c4 Rd7 24. b3 h5 25. Bf4 Ka6 26. Kb1 Rcd8 27. Kc2 Rc8 28. Be3 Rb8 29. f4 Kb7 30. Rg1 Rg8 31. f5 Be5 32. f4 Bh8 33. Bf2 Kc8 34. Rdg3 Bf6 35. R3g2 Rdd8 36. fxg6 fxg6 37. Rxg6 Rxg6 38. Rxg6 Rh8 39. e5 1-0

[Event "Mecklenburg VP LL2 Ost 0102"]
[Site "Mecklenburg VP"]
[Date "2002.03.17"]
[Round "7.4"]
[White "Huebner, Pierre"]
[Black "Higgelke, Anne"]
[Result "0-1"]
[WhiteElo "1659"]
[BlackElo "1742"]
[PlyCount "110"]
[EventDate "2001.10.07"]
[EventType "team-tourn"]
[EventRounds "9"]
[EventCountry "GER"]
[SourceTitle "EXT 2003"]
[Source "ChessBase"]
[SourceDate "2002.11.25"]
[SourceVersion "1"]
[SourceVersionDate "2002.11.25"]
[SourceQuality "1"]
[WhiteTeam "Neustrelitz TSG"]
[BlackTeam "Neubrandenburg SG Eintracht II"]
[WhiteTeamCountry "GER"]
[BlackTeamCountry "GER"]

1. e4 c5 2. Nf3 Nc6 3. Nc3 Nf6 4. b3 g6 5. Bb2 Bg7 6. d3 0-0 7. Be2 e6 8. Rb1 d5 9. exd5 exd5 10. 0-0 Re8 11. d4 b6 12. Bb5 Bb7 13. Re1 a6 14. Bxc6 Bxc6 15. Ne5 Bb7 16. Qf3 Qc7 17. Na4 Ne4 18. Nxb6 Qxb6 19. Qxf7+ Kh8 20. dxc5 Qe6 21. Qxb7 Bxe5 22. Bxe5+ Qxe5 23. Re3 Qf5 24. Rf3 Nxc5 25. Qb6 Nd7 26. Qd4+ Qe5 27. Qxe5+ Nxe5 28. Re3 Nc6 29. c3 d4 30. cxd4 Nxd4 31. Kf1 Rac8 32. Rxe8+ Rxe8 33. Rd1 Rd8 34. a4 Kg7 35. b4 Nc6 36. Rxd8 Nxd8 37. Ke2 Nc6 38. b5 axb5 39. axb5 Nd4+ 40. Kd3 Nxb5 41. f4 Nd6 42. g4 Kf6 43. h4 h5 44. gxh5 gxh5 45. Ke3 Nf5+ 46. Kf3 Nxh4+ 47. Kg3 Ng6 48. Kh3 Nxf4+ 49. Kh4 Kf5 50. Kg3 Kg5 51. Kf3 h4 52. Kf2 Kg4 53. Kg1 Kg3 54. Kh1 h3 55. Kg1 Nd3 0-1